Quizzes
Events
Quiz Creation
Community
Videos
Private Events
Remove Ads
Sign In
Join for FREE
Feedback
Dark Mode
Quiz Categories
Sports
Geography
Music
Movies
Television
Just For Fun
Miscellaneous
History
Literature
Language
Science
Gaming
Entertainment
Religion
Holiday
For Kids
Quiz Lab
Recent
Popular Today
Quiz Kudos Today
Editor Picks
Curator Picks
Quizzes by...
Day
Popularity
Type
Ratings
Length
Year
Community
Subscriptions
Recent Discussions
Orange Saloon
Badges
Playlists
Quests
Create
Leaderboards
Showdown
Live 5
Trivia Bingo
Activity
Puzzle Library
Sporcle Events
Private Events
Virtual Trivia
Globe League
Become a Host
Pub Owners
SporcleCon
Opinionation
Our Games
Videos
Blog
Mobile Apps
Partnerships
Remove Ads and Go Orange
Feedback
Sports
Athletes
MLB
NBA
NHL
NFL
Soccer
Sports Teams
WWE
NCAA
Football
Premier League
Basketball
Baseball
Hockey
Golf
Tennis
Cricket
Rugby
Auto Racing
Olympics
World Cup
Sports
Athletes
MLB
NBA
NHL
NFL
Soccer
Sports Teams
WWE
NCAA
Football
Premier League
Basketball
Baseball
Hockey
Golf
Tennis
Cricket
Rugby
Auto Racing
Olympics
World Cup
Random Quiz
Search Sporcle
×
Quiz Lab
Quiz Lab
Sports
NBA
Type in answers that appear in a list
Type in answers that appear in a list
Classic
Best Score? Go Orange.
Every NBA player to start 10+ games 2019 Stats
Can you name every NBA player to start 10+ games in 2019?
By
wprice24
20m
277 Questions
287 Plays
287 Plays
287 Plays
Comments
Comments
Give Quiz Kudos
Give Quiz Kudos
-
- Ratings
hide this ad
More Info
Replay
Link that replays current quiz
Next Quiz
Link to next quiz in quiz playlist
You Got
0%
They Got
Avg Score
69%
Avg Friend Score
Upgrade to see
Score Distribution
Jump to the score distribution portion of the page
Score
0/277
Timer
20:00
0
Plays Today
Hint
Answer
% Correct
Atlanta Hawks
Trae Young
97.2%
Indiana Pacers
Thad Young
96.9%
Boston Celtics
Kyrie Irving
96.5%
Boston Celtics
Jaylen Brown
95.1%
Detroit Pistons
Bruce Brown
95.1%
Washington Wizards
Troy Brown
95.1%
Boston Celtics
Jayson Tatum
94.8%
Charlotte Hornets
Kemba Walker
94.1%
Boston Celtics
Al Horford
93.7%
Brooklyn Nets
D'Angelo Russell
93%
Brooklyn Nets
Joe Harris
92.7%
Golden State Warriors
Draymond Green
92.7%
Toronto Raptors
Danny Green
92.7%
Washington Wizards
Jeff Green
92.7%
Brooklyn Nets
Jarrett Allen
92.3%
Denver Nuggets
Gary Harris
92.3%
Los Angeles Clippers
Tobias Harris
92.3%
Philadelphia 76ers
Tobias Harris
92.3%
Charlotte Hornets
Marvin Williams
92%
Cleveland Cavaliers
Tristan Thompson
92%
Golden State Warriors
Klay Thompson
92%
New Orleans Pelicans
Kenrich Williams
92%
Houston Rockets
James Harden
90.9%
Atlanta Hawks
John Collins
90.6%
Boston Celtics
Marcus Smart
90.6%
Chicago Bulls
Robin Lopez
90.6%
Golden State Warriors
Kevin Durant
90.6%
Golden State Warriors
Steph Curry
90.6%
Milwaukee Bucks
Brook Lopez
90.6%
Chicago Bulls
Zach LaVine
90.2%
Dallas Mavericks
Luka Doncic
90.2%
Los Angeles Lakers
LeBron James
89.9%
Houston Rockets
Clint Capela
89.5%
Memphis Grizzlies
Marc Gasol
89.5%
Toronto Raptors
Marc Gasol
89.5%
Dallas Mavericks
Dennis Smith
89.2%
Dallas Mavericks
Justin Jackson
89.2%
Detroit Pistons
Reggie Jackson
89.2%
Memphis Grizzlies
Jaren Jackson
89.2%
New Orleans Pelicans
Anthony Davis
89.2%
New Orleans Pelicans
Frank Jackson
89.2%
New York Knicks
Dennis Smith
89.2%
Phoenix Suns
Josh Jackson
89.2%
Chicago Bulls
Justin Holiday
88.9%
Denver Nuggets
Jamal Murray
88.9%
Houston Rockets
Chris Paul
88.9%
Memphis Grizzlies
Justin Holiday
88.9%
New Orleans Pelicans
Jrue Holiday
88.9%
San Antonio Spurs
Derrick White
88.9%
Denver Nuggets
Nikola Jokic
88.5%
Detroit Pistons
Andre Drummond
88.2%
Detroit Pistons
Blake Griffin
87.8%
Oklahoma City Thunder
Russell Westbrook
87.8%
Houston Rockets
Eric Gordon
87.1%
Orlando Magic
Aaron Gordon
87.1%
Los Angeles Lakers
Lonzo Ball
86.8%
Phoenix Suns
Devin Booker
86.8%
Indiana Pacers
Victor Oladipo
86.4%
Minnesota Timberwolves
Jimmy Butler
86.4%
Philadelphia 76ers
Jimmy Butler
86.4%
Oklahoma City Thunder
Steven Adams
86.1%
Boston Celtics
Gordon Hayward
85.7%
Memphis Grizzlies
Mike Conley
85.7%
Milwaukee Bucks
Khris Middleton
85.7%
Cleveland Cavaliers
Collin Sexton
85.4%
Minnesota Timberwolves
Karl-Anthony Towns
85.4%
Philadelphia 76ers
Ben Simmons
85.4%
Philadelphia 76ers
Joel Embiid
85.4%
Portland Trail Blazers
Damian Lillard
85.4%
Boston Celtics
Marcus Morris
85%
Boston Celtics
Terry Rozier
85%
Miami Heat
Hassan Whiteside
85%
Milwaukee Bucks
Eric Bledsoe
85%
Oklahoma City Thunder
Paul George
85%
Washington Wizards
Markieff Morris
85%
Los Angeles Lakers
JaVale McGee
84.7%
Dallas Mavericks
DeAndre Jordan
84.3%
Milwaukee Bucks
Giannis Antetokounmpo
84.3%
New York Knicks
DeAndre Jordan
84.3%
Sacramento Kings
De'Aaron Fox
84.3%
Indiana Pacers
Myles Turner
84%
Phoenix Suns
Deandre Ayton
84%
Toronto Raptors
Kawhi Leonard
84%
Denver Nuggets
Paul Millsap
83.6%
Los Angeles Lakers
Kyle Kuzma
83.6%
Orlando Magic
Nikola Vucevic
83.6%
Toronto Raptors
Kyle Lowry
83.6%
Portland Trail Blazers
Jusuf Nurkic
83.3%
Portland Trail Blazers
CJ McCollum
83.3%
Utah Jazz
Donovan Mitchell
83.3%
Washington Wizards
Bradley Beal
83.3%
Los Angeles Lakers
Brandon Ingram
82.9%
San Antonio Spurs
DeMar DeRozan
82.9%
Hint
Answer
% Correct
Charlotte Hornets
Cody Zeller
82.6%
Golden State Warriors
DeMarcus Cousins
82.6%
Houston Rockets
PJ Tucker
82.6%
Minnesota Timberwolves
Andrew Wiggins
82.2%
Utah Jazz
Rudy Gobert
82.2%
Cleveland Cavaliers
Kevin Love
81.5%
Boston Celtics
Aron Baynes
81.2%
Indiana Pacers
Bojan Bogdanovic
80.5%
Sacramento Kings
Buddy Hield
80.5%
Sacramento Kings
Bogdan Bogdanovic
80.5%
Washington Wizards
John Wall
80.5%
Miami Heat
James Johnson
80.1%
Miami Heat
Tyler Johnson
80.1%
New Orleans Pelicans
Wesley Johnson
80.1%
Phoenix Suns
Tyler Johnson
80.1%
San Antonio Spurs
LaMarcus Aldridge
80.1%
Chicago Bulls
Lauri Markkanen
79.8%
Chicago Bulls
Kris Dunn
79.8%
Los Angeles Lakers
Rajon Rondo
79.8%
Toronto Raptors
Pascal Siakam
79.8%
Atlanta Hawks
Kevin Huerter
79.4%
Chicago Bulls
Wendell Carter
79.4%
Philadelphia 76ers
JJ Redick
79.4%
Charlotte Hornets
Nic Batum
79.1%
Milwaukee Bucks
Malcolm Brogdon
78.4%
Miami Heat
Goran Dragic
78%
Brooklyn Nets
Caris Levert
77.7%
Los Angeles Clippers
Danilo Gallinari
77.7%
Miami Heat
Josh Richardson
77.7%
Minnesota Timberwolves
Jeff Teague
77.7%
Atlanta Hawks
Alex Len
77.4%
Utah Jazz
Joe Ingles
77%
Chicago Bulls
Otto Porter
76.7%
Dallas Mavericks
Harrison Barnes
76.7%
Orlando Magic
Evan Fournier
76.7%
Sacramento Kings
Harrison Barnes
76.7%
Washington Wizards
Otto Porter
76.7%
Memphis Grizzlies
Jonas Valanciunas
76.3%
New Orleans Pelicans
Julius Randle
76.3%
Toronto Raptors
Jonas Valanciunas
76.3%
Toronto Raptors
Serge Ibaka
76%
Cleveland Cavaliers
Cedi Osman
75.3%
Atlanta Hawks
Dewayne Dedmon
74.9%
Golden State Warriors
Kevon Looney
74.9%
Golden State Warriors
Damian Jones
74.9%
Miami Heat
Derrick Jones
74.9%
Minnesota Timberwolves
Tyus Jones
74.9%
Oklahoma City Thunder
Jerami Grant
74.9%
Utah Jazz
Ricky Rubio
74.9%
Atlanta Hawks
Kent Bazemore
74.6%
Dallas Mavericks
Tim Hardaway
74.6%
New York Knicks
Tim Hardaway
74.6%
Utah Jazz
Derrick Favors
74.6%
Indiana Pacers
Darren Collison
74.2%
Orlando Magic
DJ Augustin
73.9%
Sacramento Kings
Willie Cauley-Stein
73.9%
Charlotte Hornets
Jeremy Lamb
72.8%
Los Angeles Clippers
Patrick Beverley
72.5%
Oklahoma City Thunder
Dennis Schroder
71.8%
Denver Nuggets
Will Barton
71.4%
Golden State Warriors
Andre Iguodala
71.4%
Los Angeles Clippers
Shai Gilgeous-Alexander
71.4%
Atlanta Hawks
Taurean Prince
71.1%
Los Angeles Clippers
Ivica Zubac
71.1%
Los Angeles Lakers
Ivica Zubac
71.1%
Miami Heat
Justise Winslow
71.1%
Minnesota Timberwolves
Robert Covington
71.1%
Minnesota Timberwolves
Derrick Rose
71.1%
Philadelphia 76ers
Robert Covington
71.1%
Portland Trail Blazers
Al-Farouq Aminu
70.7%
Toronto Raptors
Fred VanVleet
70.7%
Charlotte Hornets
Miles Bridges
70.4%
Phoenix Suns
Mikal Bridges
70.4%
Denver Nuggets
Mason Plumlee
69.7%
Minnesota Timberwolves
Dario Saric
69.7%
New York Knicks
Kevin Knox
69.7%
Philadelphia 76ers
Dario Saric
69.7%
Phoenix Suns
Trevor Ariza
69.7%
Washington Wizards
Trevor Ariza
69.7%
Los Angeles Lakers
Kentavious Caldwell-Pope
69%
Detroit Pistons
Glenn Robinson
68.6%
New York Knicks
Mitchell Robinson
68.6%
Miami Heat
Bam Adebayo
68.3%
New Orleans Pelicans
Elfrid Payton
68.3%
Minnesota Timberwolves
Taj Gibson
67.9%
Dallas Mavericks
Wesley Matthews
67.6%
Indiana Pacers
Wesley Matthews
67.6%
Los Angeles Lakers
Josh Hart
66.9%
Dallas Mavericks
Dirk Nowitzki
66.6%
New Orleans Pelicans
Solomon Hill
66.6%
Cleveland Cavaliers
George Hill
66.2%
Dallas Mavericks
Dwight Powell
65.2%
Orlando Magic
Jonathan Isaac
65.2%
Hint
Answer
% Correct
Chicago Bulls
Jabari Parker
63.8%
Cleveland Cavaliers
Larry Nance
62.7%
Brooklyn Nets
Rondae Hollis-Jefferson
62.4%
Los Angeles Clippers
Marcin Gortat
62.4%
New York Knicks
Enes Kanter
62.4%
Washington Wizards
Bobby Portis
62.4%
Golden State Warriors
Quinn Cook
62%
Oklahoma City Thunder
Terrance Ferguson
62%
Washington Wizards
Tomas Satoransky
62%
Portland Trail Blazers
Maurice Harkless
61.3%
Cleveland Cavaliers
Rodney Hood
61%
Washington Wizards
Thomas Bryant
61%
Memphis Grizzlies
Kyle Anderson
59.9%
Houston Rockets
Kenneth Faried
59.6%
New York Knicks
Emmanuel Mudiay
59.6%
Philadelphia 76ers
Wilson Chandler
59.2%
San Antonio Spurs
Bryn Forbes
58.2%
Indiana Pacers
Tyreke Evans
57.8%
Phoenix Suns
TJ Warren
57.8%
San Antonio Spurs
Rudy Gay
57.1%
Detroit Pistons
Luke Kennard
56.4%
Los Angeles Clippers
Avery Bradley
56.4%
Memphis Grizzlies
Avery Bradley
56.4%
New Orleans Pelicans
E'Twaun Moore
56.4%
Los Angeles Clippers
Landry Shamet
56.1%
Miami Heat
Kelly Olynyk
56.1%
New Orleans Pelicans
Nikola Mirotic
55.1%
Denver Nuggets
Malik Beasley
54.7%
Utah Jazz
Jae Crowder
54.7%
Miami Heat
Dion Waiters
52.3%
Minnesota Timberwolves
Josh Okogie
52.3%
Charlotte Hornets
Bismack Biyombo
51.9%
San Antonio Spurs
Jakob Poeltl
51.6%
Dallas Mavericks
Jalen Brunson
51.2%
Brooklyn Nets
Allen Crabbe
50.5%
Denver Nuggets
Juan Hernangomez
49.8%
Detroit Pistons
Reggie Bullock
49.5%
Los Angeles Lakers
Reggie Bullock
49.5%
Houston Rockets
Austin Rivers
48.1%
New York Knicks
Lance Thomas
48.1%
Phoenix Suns
Kelly Oubre
48.1%
Detroit Pistons
Wayne Ellington
47.7%
Miami Heat
Wayne Ellington
47.7%
New Orleans Pelicans
Jahlil Okafor
47%
Brooklyn Nets
Rodions Kurucs
45.3%
Brooklyn Nets
Jared Dudley
45.3%
Milwaukee Bucks
Tony Snell
44.9%
Memphis Grizzlies
Delon Wright
44.6%
New York Knicks
Noah Vonleh
44.6%
Cleveland Cavaliers
Ante Zizic
43.6%
Dallas Mavericks
Maxi Kleber
43.6%
San Antonio Spurs
Davis Bertans
43.6%
Denver Nuggets
Torrey Craig
42.9%
Sacramento Kings
Nemanja Bjelica
42.2%
Sacramento Kings
Iman Shumpert
41.8%
Houston Rockets
Danuel House
40.4%
New York Knicks
Frank Ntilikina
40.1%
Chicago Bulls
Ryan Arcidiacono
39.7%
Dallas Mavericks
Dorian Finney-Smith
39.7%
Atlanta Hawks
DeAndre' Bembry
39.4%
Phoenix Suns
Dragan Bender
37.6%
Cleveland Cavaliers
Brandon Knight
36.9%
Cleveland Cavaliers
Alec Burks
36.9%
Houston Rockets
James Ennis
36.2%
New York Knicks
Mario Hezonja
36.2%
Miami Heat
Rodney McGruder
33.8%
Utah Jazz
Royce O'Neale
33.4%
Philadelphia 76ers
Markelle Fultz
32.8%
Chicago Bulls
Shaquille Harrison
31%
New York Knicks
Damyean Dotson
31%
Portland Trail Blazers
Jake Layman
31%
Phoenix Suns
Elie Okobo
29.6%
New Orleans Pelicans
Darius Miller
28.9%
Memphis Grizzlies
Garrett Temple
28.6%
Atlanta Hawks
Omari Spellman
28.2%
New Orleans Pelicans
Tim Frazier
27.5%
Phoenix Suns
De'Anthony Melton
27.5%
Charlotte Hornets
Dwayne Bacon
25.1%
Chicago Bulls
Cam Payne
24%
Brooklyn Nets
Treveon Graham
23%
Cleveland Cavaliers
David Nwaba
22.6%
New York Knicks
Luke Kornet
20.6%
Phoenix Suns
Isaiah Canaan
20.6%
San Antonio Spurs
Dante Cunningham
20.2%
Chicago Bulls
Wayne Selden
18.8%
Philadelphia 76ers
Jonah Bolden
18.1%
Orlando Magic
Wesley Iwundu
17.1%
Memphis Grizzlies
Ivan Rabb
15.3%
Chicago Bulls
Chandler Hutchison
15%
Memphis Grizzlies
Bruno Caboclo
15%
Memphis Grizzlies
Tyler Dorsey
9.1%
Quiz Playlist
Details
Report
Send in Message
Add To Playlist
More Info:
* indicates player is no longer with team.
Classic:
Type in answers that appear in a list
Last Updated: Apr 17, 2019
Quiz Scoreboard
CHALLENGE
Sign Up to Join the Scoreboard
Show All
Scores
Hide
Comments
May contain spoilers
Recently Published
1-10 Letter E Words III
by El_Dandy
Language
2m
One Thing in Common: World Cities II
by knightlancer
Geography
7m
Popular People in 1961
by mucciniale
History
6m
More to Explore
Quiz From the Vault
Featured Blog Post
Where Did the Easter Bunny Come From?
hide this ad
You Might Also Like...
Tags
NBA Quiz
2019
Player
start
Today's Top Quizzes in Sports
Browse Sports
hide this ad
Today's Top Quizzes in NBA
Browse NBA
Top Contributed Quizzes in Sports
1
Les meilleurs buteurs des matchs entre le PSG et l’OM
2
Les entraîneurs de l'OM et du PSG au 21e siècle
3
2022 World Cup Stars
4
FIFA Club World Cup Champions
5
Name the Premier League winners with different clubs
6
La finale Lions - Afrique du Sud 2021
7
Criteria MLB: Left Handed Sluggers
8
Players with Multiple 50 Home Run Seasons
9
MLB Players with Two .350 Batting Average Seasons
10
MLB Hall of Famer by Rings
Explore More
Trending Topics
Anime
Crossword
Disney
Kpop
Marvel
NBA
Harry Potter
Country
Puzzle
Soccer
Pokémon
NFL
WWE
Song
The Office
hide this ad
More By:
wprice24
Quiz
Plays
Rating
Category
Featured
Created
NFL Pro Bowl 2020 Alma Maters
13,169
5.00
Sports
Dec 22, 2020
NFL Fantasy Boom and Busts (2023)
3,427
5.00
Sports
Jan 1, 2024
NFL Draft First 5 Quarterbacks taken (Since 2000)
3,044
4.90
Sports
Aug 11, 2019
NFL Rookie Leaders 2021
2,394
5.00
Sports
Jan 10, 2022
NFL Fantasy Boom and Busts (2021)
2,345
5.00
Sports
Jan 4, 2022
Go to Creator's Profile
Score Distribution
Quiz Creator Spotlight
wprice24
Follow
Send a Message
Quizzes Created
-
Created Quiz Play Count
-
More By This Creator
Popular Quizzes Today
1
Find the US States - No Outlines Minefield
2
Find the Countries of Europe - No Outlines Minefield
3
The Countries of the World
4
Popular People in 1961
5
1-10 Letter E Words III
6
Find the US States
7
One Thing in Common: World Cities II
8
US States
More Sports Quizzes
Bundesliga XI: Bayern München 2000/01
Quiz Lab
Trending Quizzes
Risky Map Clicking: Least Populous States A-Z
1-10 Letter F Words
1-10 Letter G Words
One Thing in Common: United Kingdom
Risky Map Clicking: Next State Alphabetically
Recently Updated
Leaping Animals
pecheneg
Reality TV Shows (A-Z)
bhenderson79
Rickey Henderson's Hall of Fame Teammates
pecheneg
Champions League XIs: Arsenal
pecheneg
Quick Pick: Celebrities in WWE's Hall of Fame
aduchscher
A-Z Keypad Blitz II
pecheneg
Multiple Oscar Actors
pecheneg
Mystery Phrase Blitz: Oscar 'Best Actors'
pecheneg
F. Scott Fitzgerald Novels
LTH
Pick 3 Villains
ddd62291
Trending Topics
Marvel
Anime
Disney
Kpop
Crossword
Harry Potter
NBA
Soccer
WWE
The Office
Puzzle
Song
Pokémon
Country
NFL
Your Account Isn't Verified!
In order to create a playlist on Sporcle, you need to verify the email address you used during registration. Go to your
Sporcle Settings
to finish the process.
Report this User
Report this user for behavior that violates our
Community Guidelines
.
Details:
Send Report
Go to the Sporcle.com Mobile Site →
Comments